000 01468cam a22003735i 4500
999 _c28649
_d28620
001 011296014
003 EG-ScBUE
005 20200902112118.0
006 m||||fq||b 00| 0
008 030217t20042004njuabc f 001 0 eng d
020 _a0131209744 (pbk.) :
020 _a9780131209749
020 _a0131019430 (CD-ROM)
040 _aStDuBDS
_beng
_erda
_cStDuBDS
_dUk
_dEG-ScBUE
082 0 4 _a658.5
_bHEI
_222
100 1 _aHeizer, Jay,
_eauthor.
_94442
245 1 0 _aOperations management /
_cJay Heizer, Jesse H. Jones Professor of Business Administration, Texas University, Barry Render, Charles Harwood Professor of Operations Management, Crummer Graduate School of Business, Rollins College.
250 _aSeventh edition.
250 _aInternational edition.
264 1 _aUpper Saddle River, New Jersey :
_bPearson Education / Prentice Hall,
_c[2004]
264 4 _cc2004
300 _axxxii, 117 pages :
_billustrations (color), maps (color), portraits (color) ;
_c28 cm +
_e1 CD-ROM (4 3/4 in.)
336 _atext
_btxt
_2rdacontent
336 _acomputer program
_bcop
_2rdacontent
337 _aunmediated
_bn
_2rdamedia
337 _acomputer
_bc
_2rdamedia
338 _avolume
_bnc
_2rdacarrier
338 _acomputer disc
_bcd
_2rdacarrier
504 _aIncludes bibliographical references and indexes.
650 7 _aProduction management.
_2BUEsh
653 _bBUSADM
_cAugust2020
700 1 _aRender, Barry,
_eauthor.
_94444
942 _2ddc
_cBB